Human resource management: text and cases (Record no. 190444)

MARC details
000 -LEADER
fixed length control field 00399nam a22001577a 4500
003 - CONTROL NUMBER IDENTIFIER
control field OSt
020 ## - INTERNATIONAL STANDARD BOOK NUMBER
International Standard Book Number 9788121923002
082 ## - DEWEY DECIMAL CLASSIFICATION NUMBER
Classification number 658.3
Item number KHA/HU
100 ## - MAIN ENTRY--PERSONAL NAME
Personal name Khanka, S S
245 ## - TITLE STATEMENT
Title Human resource management: text and cases
250 ## - EDITION STATEMENT
Edition statement 1
260 ## - PUBLICATION, DISTRIBUTION, ETC. (IMPRINT)
Place of publication, distribution, etc. New Delhi
Name of publisher, distributor, etc. S.chand & company pvt ltd
Date of publication, distribution, etc. 2016
300 ## - PHYSICAL DESCRIPTION
Extent 447p.
650 ## - SUBJECT ADDED ENTRY--TOPICAL TERM
Topical term or geographic name as entry element Nature and scope, human resorce planning
942 ## - ADDED ENTRY ELEMENTS (KOHA)
Source of classification or shelving scheme Dewey Decimal Classification
Koha item type Books (General)
Holdings
Withdrawn status Lost status Source of classification or shelving scheme Damaged status Not for loan Collection code Home library Current library Shelving location Date acquired Cost, normal purchase price Total Checkouts Full call number Date last seen Date checked out Price effective from Koha item type
    Dewey Decimal Classification     Malayalam College of Co-operation, Banking & Management Library, Vellanikkara College of Co-operation, Banking & Management Library, Vellanikkara   25/11/2017 450.00 5 658.3 KHA/HU 28/05/2019 30/04/2019 25/11/2017 Books (General)
    Dewey Decimal Classification     Malayalam College of Co-operation, Banking & Management Library, Vellanikkara College of Co-operation, Banking & Management Library, Vellanikkara   25/11/2017 450.00 5 658.3 KHA/HU 14/06/2018 26/05/2018 25/11/2017 Books (General)
    Dewey Decimal Classification     Malayalam College of Co-operation, Banking & Management Library, Vellanikkara College of Co-operation, Banking & Management Library, Vellanikkara   25/11/2017 450.00 1 658.3 KHA/HU 19/06/2018 29/05/2018 25/11/2017 Books (General)
    Dewey Decimal Classification     Malayalam College of Co-operation, Banking & Management Library, Vellanikkara College of Co-operation, Banking & Management Library, Vellanikkara   25/11/2017 450.00 3 658.3 KHA/HU 08/05/2019 08/05/2019 25/11/2017 Books (General)
    Dewey Decimal Classification     Malayalam College of Co-operation, Banking & Management Library, Vellanikkara College of Co-operation, Banking & Management Library, Vellanikkara   25/11/2017 450.00 6 658.3 KHA/HU 28/05/2019 30/04/2019 25/11/2017 Books (General)
Kerala Agricultural University Central Library
Thrissur-(Dt.), Kerala Pin:- 680656, India
Ph : (+91)(487) 2372219
E-mail: librarian@kau.in
Website: http://library.kau.in/